000 00826nam a22002777a 4500
003 CHAP
005 20220329134926.0
008 971013s1977 r 00010 d
010 _a28158
011 _a29130
035 _a33241
040 _cCHAP
082 _a574.192
_bM32Y
100 0 0 _aMcGilvery, Robert W.
_973530
245 _aConceptos bioquímicos
260 _aBarcelona :
_bReverté,
_c1977
300 _a594 p.
_b: ilus. ; gráfs
590 _aBATCH-UPD
_b10
_c20130110
_lUCH01
_h1714
590 _aBATCH-UPD
_b10
_c20130410
_lUCH01
_h1059
590 _aBATCH-UPD
_b10
_c20130914
_lUCH01
_h0643
590 _aCONVERSION
_b10
_c20130109
_lUCH01
_h1316
650 1 4 _aBioquímica.
_912849
901 _aBK
942 _cLIBRO
949 _a574.192 M32Y
_bBC
_cLIBRO
_d33724000906095
_eLIBRO
_gI.126132
_h65338
_i33241
_si
_t5.72
999 _c28158
_d28158